Coherence and grounding in discourse

Gespeichert in:
Bibliographische Detailangaben
1. Verfasser: Tomlin, Russell S (VerfasserIn)
Format: Buch
Sprache:Englisch
Veröffentlicht: Amsterdam John Benjamins 1987
Schriftenreihe:Typological Studies in Language, 11
Schlagworte:
Tags: Tag hinzufügen
Keine Tags, Fügen Sie den ersten Tag hinzu!

MARC

LEADER 00000nam a2200000 a 4500
001 UCL3595
003 CL-VaPUC
008 031128e19870000NE |||||||||||||||||eng|d
020 |a 9027228825 
082 0 4 |a 401.41  |b TOM  |2 21 
100 0 |a Tomlin, Russell S  |e author  |9 480943 
245 1 0 |a Coherence and grounding in discourse 
300 |a 512 p 
942 |c BK 
945 |d 20031128 00:00:00  |a cmena 
260 |a Amsterdam  |b John Benjamins  |c 1987 
650 0 |a Análisis del discurso  |9 256696 
650 0 |a Psicolingüística   |9 283371 
650 0 |a Comunicación   |9 257251 
650 0 |a Gramática  |9 270497 
583 |a last modification  |c 20031128 00:00:00  |k Rodrigo Vera 
490 0 |a Typological Studies in Language, 11 
999 |c 306615  |d 306613 
952 |0 0  |1 0  |4 0  |6 401_410000000000000_TOM_1987  |7 0  |8 A  |9 371762  |a FDOPOS  |b FDOPOS  |d 2019-11-21  |i 3969975  |o 401.41 TOM 1987  |p 3969975  |r 2025-01-22  |w 2019-11-21  |y BK  |k MLA